Statistics for Eurovision 2023 - Finish The Lyric

Click here to take the quiz!

General Stats

  • This quiz has been taken 55 times
  • The average score is 18 of 37

Answer Stats

CountrySong TitleLyricAnswer% Correct
GermanyBlood and GlitterBlood and glitter, sweet and bitter, we're so happy we could ___die
85%
SwedenTattooViolins playing and the angels crying, When the stars align then I'll be ___there
81%
United KingdomI Wrote A SongWanted to trash your Benz, tell all your ___friends
78%
NorwayQueen of KingsHer raven hair as dark as ___night
78%
SwitzerlandWatergunI don't wanna be a soldier, soldier, I don't wanna have to play with real ___blood
74%
AustriaWho the hell is Edgar?Baby I should call a doctor or an ___exorcist
70%
CzechiaMy Sister's CrownMy beautiful sister, you are so strong
Brave and the only one, the crown is ___
yours
70%
EstoniaBridgesYou will find a way to begin ___again
69%
MoldovaSoarele și lunaThe sun, the sun, the sun and the ___moon
69%
IsraelUnicornI got the power of a unicorn, don't you ever ___learn
65%
AustraliaPromiseIf you've never done anything like this before, then you haven't been ___alive
63%
SerbiaSamo Mi Se SpavaI just wanna sleep forever, I like it better when I ___dream
63%
GreeceWhat They SayWell you know what they say, lost souls make sure no one loses their ___way
63%
IcelandPowerI've got the power in my ___hand
59%
IrelandWe Are OneWell we rise, we rise like the ___sun
57%
AlbaniaDujeSomething inside me takes my breath ___away
56%
GeorgiaEchoDays in a row, I'm thinking, I know, I've got a big faith My love is my ___crown
56%
BelgiumBecause of YouWell, life is too short and we sure got to ___celebrate
54%
LithuaniaStay (ČIŪTO TŪTO)My heart is bleeding, I need your ___healing
54%
San MarinoLike An AnimalBring the party, Aphrodite and I'll chase you on the ___dancefloor
52%
CyprusBreak a Broken HeartYou lift me up and leave me in the ___gutter
52%
UkraineHeart Of SteelLife is just a game, and I'm playing for the ___win
52%
PolandSoloFor you I lost my senses, ___baby
48%
LatviaAijāI'll try to say the right words at the right ___times
39%
NetherlandsBurning DaylightI'm sorry I'm just human I'm losing myself while chasing ___highs
35%
RomaniaD.G.T (Off And On)And I'm lost in your bedsheets, Tryna get closer, With marks on my neck and your makeup all ___over
33%
CroatiaMama ŠČ!That little ___, evil little ___psychopath
31%
MaltaDance (Our Own Party)Fogged up, might be the drinks or the social tease of ___anxiety
30%
ArmeniaFuture LoverI wanna explore with him and visit old bookstores and cute little ___things
28%
DenmarkBreaking My HeartPink skies, red wine, I called you mine, ___September
24%
SloveniaCarpe DiemWe'll dance and play until the stars ___fade
20%
PortugalAi CoraçãoOh, heart, Oh, heart, Oh, heart, Tell me if you are ___mine
20%
SpainEaeaMay they bury me in the Moon, So that I’ll see you every night, Every night but ___one
20%
AzerbaijanTell me moreI want to buy a land a thousand miles away from a city that I've never even ___chosen
19%
FranceÉvidemment___, All of these beautiful promises that I hear They’re nothing but wind, ___
evidently
19%
ItalyDue ViteIf this is the last song, and then the moon will ___burst
6%
FinlandCha Cha ChaA couple piña coladas I have devoured, yet the expression I have on my face is ___sour
6%

Score Distribution

Percentile by Number Answered

Percent of People with Each Score

Your Score History

You have not taken this quiz